<?xml version="1.0" encoding="UTF-8"?>
<marc:record xmlns:marc="http://www.loc.gov/MARC21/slim">
   <marc:leader>00000nam a2200000 a 4500</marc:leader>
   <marc:datafield ind1="0" ind2="0" tag="245">
      <marc:subfield code="a">Holz Memory Match Stick Schach</marc:subfield>
   </marc:datafield>
   <marc:datafield ind1="0" ind2="0" tag="245">
      <marc:subfield code="b">BILDUNGSSPIELZEUG FÜR KINDER:</marc:subfield>
   </marc:datafield>
   <marc:datafield ind1=" " ind2="1" tag="264">
      <marc:subfield code="c">2021</marc:subfield>
   </marc:datafield>
   <marc:datafield ind1="1" ind2=" " tag="520">
      <marc:subfield code="a">Dies ist ein Familienspiel, das für Kinder 3+ Jahren geeignet ist. Es kann als Stütze für das Gedächtnistraining verwendet werden. Es hilft Kindern, Details und Aufmerksamkeit zu lernen. Es ist ein lustiges Spiel für die Interaktion mit Freunden und Teamwork. Eine Vielzahl von Gameplays ?Drei Arten verschiedenen Spielmodi sind im Bild vermerkt und Anleitung, was bedeutet, dass Sie mit Ihren Kindern oder Freunden auf unterschiedliche Weise verschiedene Spiele spielen können und sogar die Regeln selbst festlegen können sehr erfüllendes Gameplay.</marc:subfield>
   </marc:datafield>
</marc:record>
